| 000 | 00469nam a22001697a 4500 | ||
|---|---|---|---|
| 005 | 20240704132909.0 | ||
| 008 | 240704b |||||||| |||| 00| 0 eng d | ||
| 020 | _a9781118764305 | ||
| 082 |
_a347.737 _bMAR-C |
||
| 100 | _aMartin, James P. | ||
| 245 |
_aCloud computing and electronic discovery / _cHarry Cendrowski |
||
| 260 |
_aUSA: _bWiley; _c2014. |
||
| 300 |
_axiv, 191 p .: _bill; _c23 cm. |
||
| 500 | _ainclude index. | ||
| 650 | _aNetworking | ||
| 999 |
_c36047 _d36047 |
||